老公怎麼還不去死 : (Record no. 7631)
[ view plain ]
| 000 -LEADER | |
|---|---|
| fixed length control field | 01043cam a2200313 i 4500 |
| 001 - CONTROL NUMBER | |
| control field | 2293118 |
| 003 - CONTROL NUMBER IDENTIFIER | |
| control field | YEEZEN |
| 005 - DATE AND TIME OF LATEST TRANSACTION | |
| control field | 20241230160828.0 |
| 008 - FIXED-LENGTH DATA ELEMENTS--GENERAL INFORMATION | |
| fixed length control field | 221230s2023 ch d g 000 0 chi d |
| 020 ## - INTERNATIONAL STANDARD BOOK NUMBER | |
| International Standard Book Number | 9786263296565 |
| Qualifying information | (平裝) : |
| Terms of availability | NT$350 |
| 040 ## - CATALOGING SOURCE | |
| Original cataloging agency | NDHU |
| Language of cataloging | chi |
| Transcribing agency | NDHU |
| Modifying agency | NDHU |
| Description conventions | ccr |
| 041 1# - LANGUAGE CODE | |
| Language code of text/sound track or separate title | chi |
| Language code of original | jpn |
| 042 ## - AUTHENTICATION CODE | |
| Authentication code | nbic |
| 066 ## - CHARACTER SETS PRESENT | |
| Alternate G0 or G1 character set | $1 |
| 084 ## - OTHER CLASSIFICATION NUMBER | |
| Classification number | 544.143 |
| Number source | ncsclt |
| 090 ## - LOCALLY ASSIGNED LC-TYPE CALL NUMBER (OCLC); LOCAL CALL NUMBER (RLIN) | |
| Classification number (OCLC) (R) ; Classification number, CALL (RLIN) (NR) | 544.143 |
| 100 1# - MAIN ENTRY--PERSONAL NAME | |
| Personal name | 小林美希 |
| Relator term | 著 |
| 240 10 - UNIFORM TITLE | |
| Uniform title | 夫に死んでほしい妻たち |
| Language of a work | 中文 |
| 245 10 - TITLE STATEMENT | |
| Title | 老公怎麼還不去死 : |
| Remainder of title | 家事育兒全放棄還要人服侍?! 來自絕望妻子們的深層怒吼 / |
| Statement of responsibility, etc. | 小林美希著 ; 陳姵君譯 |
| 246 1# - VARYING FORM OF TITLE | |
| Title proper/short title | 家事育兒全放棄還要人服侍來自絕望妻子們的深層怒吼 |
| 250 ## - EDITION STATEMENT | |
| Edition statement | 初版 |
| 260 ## - PUBLICATION, DISTRIBUTION, ETC. | |
| Place of publication, distribution, etc. | 臺北市 : |
| Name of publisher, distributor, etc. | 臺灣東販股份有限公司, |
| Date of publication, distribution, etc. | 2023.01 |
| 300 ## - PHYSICAL DESCRIPTION | |
| Extent | 241面 : |
| Other physical details | 圖表 ; |
| Dimensions | 21公分 |
| 500 ## - GENERAL NOTE | |
| General note | 譯自 : 夫に死んでほしい妻たち |
| 650 #7 - SUBJECT ADDED ENTRY--TOPICAL TERM | |
| Topical term or geographic name entry element | 夫妻 |
| Source of heading or term | csht. |
| 650 #7 - SUBJECT ADDED ENTRY--TOPICAL TERM | |
| Topical term or geographic name entry element | 家庭關係 |
| Source of heading or term | cst. |
| 700 1# - ADDED ENTRY--PERSONAL NAME | |
| Personal name | 陳姵君 |
| Relator term | 譯 |
| 942 ## - ADDED ENTRY ELEMENTS (KOHA) | |
| Source of classification or shelving scheme | 中文圖書分類法 |
| Koha item type | 一般圖書 |
| 撤銷狀態 | 遺失狀態 | 分類號來源 | 損壞狀態 | 不外借 | 永久館藏地 | 現在館藏地 | 書架位置 | 採購日期 | 全部借出 | 全部續借 | 完整索書號 | 條碼號 | 最後一次日期記錄 | Date last checked out | 一般價格有效日期 | Koha館藏類型 | 公開資訊 |
|---|---|---|---|---|---|---|---|---|---|---|---|---|---|---|---|---|---|
| 未註銷館藏 | 未遺失 | 中文圖書分類法 | 未損毀 | 可外借 | 怡仁綜合醫院圖書館 | 怡仁綜合醫院圖書館 | 2024-12-30 | 11 | 6 | 544.143 | C03215 | 2026-03-13 | 2026-03-13 | 2024-12-30 | 一般圖書 | 妻子的「期望」與丈夫「實際表現」的落差,遠遠超乎你的想像。 最終,連發怒都嫌累的妻子只能暗自呢喃:「怎麼不快點死一死……」 實際案例真心告白 *專家觀點分析 令世間男性戰慄,大感震撼的紀實報導! |